Online katalóg knižníc regiónu Turca

Krv prvorodených (Record no. 22681)

MARC details
000 -LEADER
fixed length control field 01264cam a2200397 ab4500
001 - CONTROL NUMBER
control field 22681
003 - CONTROL NUMBER IDENTIFIER
control field SK-KTurca
005 - DATE AND TIME OF LATEST TRANSACTION
control field 20260415152254.0
008 - FIXED-LENGTH DATA ELEMENTS--GENERAL INFORMATION
fixed length control field 240318s2014 xo g 000 f slo
015 ## - NATIONAL BIBLIOGRAPHY NUMBER
National bibliography number SNBA2014/11
020 ## - INTERNATIONAL STANDARD BOOK NUMBER
International Standard Book Number 9788055611488
Qualifying information (viaz.)
035 ## - SYSTEM CONTROL NUMBER
System control number C0F53294-3E01-4B3B-9239-B0E79DA4AA3C
035 ## - SYSTEM CONTROL NUMBER
System control number urn:nbn:sk:snk-am3h5tx
035 ## - SYSTEM CONTROL NUMBER
System control number urn:nbn:sk:snk-am008z2v
040 ## - CATALOGING SOURCE
Original cataloging agency SNK
Language of cataloging slo
Transcribing agency SNK
Description conventions AACR2
041 0# - LANGUAGE CODE
Language code of text/sound track or separate title slo
044 ## - COUNTRY OF PUBLISHING/PRODUCING ENTITY CODE
MARC country code xo
ISO country code SK
072 #7 - SUBJECT CATEGORY CODE
Subject category code 821.162.4-3
Subject category code subdivision Slovenská próza
Source konspekt
080 ## - UNIVERSAL DECIMAL CLASSIFICATION NUMBER
Universal Decimal Classification number 821.162.4-31
Edition identifier 2001
080 ## - UNIVERSAL DECIMAL CLASSIFICATION NUMBER
Universal Decimal Classification number (0:82-311.6)
Edition identifier 2001
080 ## - UNIVERSAL DECIMAL CLASSIFICATION NUMBER
Universal Decimal Classification number (0:82-312.4)
Edition identifier 2001
100 1# - MAIN ENTRY--PERSONAL NAME
Personal name Červenák, Juraj,
Dates associated with a name 1974-
Relationship aut
245 10 - TITLE STATEMENT
Title Krv prvorodených
Remainder of title druhý prípad kapitána Steina a notára Barbariča
Statement of responsibility, etc. Juraj Červenák
250 ## - EDITION STATEMENT
Edition statement 1. vyd.
260 ## - PUBLICATION, DISTRIBUTION, ETC.
Place of publication, distribution, etc. Bratislava
Name of publisher, distributor, etc. Slovart
Date of publication, distribution, etc. 2014
300 ## - PHYSICAL DESCRIPTION
Extent 261 s.
Dimensions 22 cm
655 #7 - INDEX TERM--GENRE/FORM
Genre/form data or focus term slovenské romány
Source of term SNKPH
655 #7 - INDEX TERM--GENRE/FORM
Genre/form data or focus term historické romány
Source of term SNKPH
655 #7 - INDEX TERM--GENRE/FORM
Genre/form data or focus term detektívne romány
Source of term SNKPH
655 #7 - INDEX TERM--GENRE/FORM
Genre/form data or focus term Slovak fiction
Source of term SNKPHeng
655 #7 - INDEX TERM--GENRE/FORM
Genre/form data or focus term Historical novels
Source of term SNKPHeng
655 #7 - INDEX TERM--GENRE/FORM
Genre/form data or focus term Detective novels
Source of term SNKPHeng
787 08 - OTHER RELATIONSHIP ENTRY
Relationship information Zo série:
Title Kapitán Stein a notár Barbarič
Related parts 2
942 ## - ADDED ENTRY ELEMENTS (KOHA)
Source of classification or shelving scheme Dewey Decimal Classification
Koha item type Krásna literatúra pre dospelých
Suppress in OPAC No

No items available.

Projekt je podporený Slovenskou asociáciou knižníc
Prevádzkuje Turčianska knižnica Martin 2026